| 000 | 00808pam a2200253 i 4500 | ||
|---|---|---|---|
| 001 | 3650827 | ||
| 003 | ARRUPE | ||
| 005 | 20150220020007.0 | ||
| 008 | 760130s1976 nyua b 001 0 eng | ||
| 010 | _a 76002730 | ||
| 020 | _a0060419091 | ||
| 040 |
_aDLC _cDLC _dDLC |
||
| 050 | 0 | 0 |
_aP90 _b.A35 1976 |
| 100 | 1 |
_aAgee, Warren Kendall. _9535 |
|
| 245 | 1 | 0 |
_aIntroduction to mass communications / _cWarren K. Agee, Phillip H. Ault, Edwin Emery. |
| 250 | _a5th ed. | ||
| 260 |
_aNew York : _bHarper & Row, _cc1976. |
||
| 300 |
_axiii, 469p.; _c23 cm. |
||
| 650 | 0 |
_aMass media. _9536 |
|
| 700 | 1 |
_aEmery, Edwin. _tIntroduction to mass communications. _9537 |
|
| 700 | 1 |
_aAult, Phillip H., _d1914- _ejoint author. _9538 |
|
| 906 |
_a7 _bcbc _corignew _d1 _eocip _f19 _gy-gencatlg |
||
| 942 |
_2lcc _cMONOGRAPH _01 |
||
| 999 |
_c117873 _d117873 |
||